Word Ladder: Get Lost! Quiz Stats

 Plays Quiz Updated Mar 7, 2012

Support Sporcle.
Go Orange.
Score 0/22 Timer 02:00
0 Plays Today
Hint Word % Correct
❦ Create ❦❦ MAKE ❦
95.1%
❦ Oak or elm ❦❦ TREE ❦
92.6%
Huron or VictoriaLake
89.8%
❦ Similar ❦❦ LIKE ❦
87.6%
Partner of 'Us' in a Pink Floyd songTHEM
86.8%
Biblical pronounTHEE
85.6%
There's no I in it, colloquiallyTEAM
84.2%
Ale amountPINT
83.1%
Run awayFLEE
81.1%
ConiferPINE
80.6%
GratisFREE
80.6%
Hint Word % Correct
SpearPIKE
77.6%
Took wingFLEW
76.5%
ApartmentFLAT
73.1%
SwarmTEEM
72.9%
DefectFLAW
69.1%
AccomplishmentFEAT
65%
Bottled upPENT
64.6%
Swamp mossPEAT
61.7%
❦ Plant part ❦❦ LEAF ❦
61.5%
Tropical hardwoodTEAK
59.3%
Hull flawLEAK
54%

Today's Daily Dose

Word Ladder
ING Words

Get the Picture
Nearest Volcano

From the Vault

Who Supplies My Voice II?

by senordingdong

A quiz like this would have been a lot easier in the silent era.
Remove Ads.
Support Sporcle.
Get the best of Sporcle when you Go Orange. This ad-free experience offers more features, more stats, and more fun while also helping to support Sporcle. Thank you for becoming a member.

Show Comments

Extras

Top Quizzes Today


Score Distribution

Your Account Isn't Verified!

In order to create a playlist on Sporcle, you need to verify the email address you used during registration. Go to your Sporcle Settings to finish the process.

Report this User

Report this user for behavior that violates our Community Guidelines.

Details: